| 000 | 01270nam a22002417a 4500 | ||
|---|---|---|---|
| 001 | 8854 | ||
| 003 | FISKH | ||
| 005 | 20251023113300.0 | ||
| 008 | 251023b cb ||||| |||| 00| 0 eng d | ||
| 040 |
_aFISKH _beng _cFISKH _dFISKH |
||
| 050 | _aPZ7.P535 B | ||
| 082 | _a 741.5973 | ||
| 100 | _aPeirce, Lincoln | ||
| 245 |
_aGreat minds think alike / _cBy Lincoln Peirce |
||
| 250 | _aFirst Scholastic printing , September 2014 | ||
| 260 |
_aNew York : _bSholastic , _c2014. |
||
| 300 |
_a223 pages : _bcolor illustrations ; _c23 cm . |
||
| 490 |
_aBig Nate _vComic 11 |
||
| 520 | _aTwo heads are better than one, except when they're crashing into each other! But that won't prevent Big Nate and his pals from hatching great ideas for fun. Nate Wright is a wisecracking 11-year-old who knows he's destined for greatness. Nate is the star of Big Nate, the comic strip that made its debut in 1991. Nate is a sixth-grade chess prodigy, a self-described genius, and the all-time record holder for detentions in school history. He's often in hot water with his teachers and classmates, but Nate's winning personality and can-do attitude always make him a big hit with readers. | ||
| 650 |
_aPrince Edward Island _vComic Book |
||
| 942 |
_2ddc _cBK _n0 |
||
| 999 |
_c8854 _d8854 |
||